[Event "Copenhagen Obro CXU New Year op"]
[Site "Copenhagen"]
[Date "2024.12.30"]
[Round "7"]
[White "Hagen, Andreas Skytte"]
[Black "Slavensky, Asbjorn Vesterkar"]
[Result "1-0"]
[WhiteElo "2334"]
[BlackElo "2082"]
[PlyCount "29"]
[EventDate "2024.12.27"]
[EventType "swiss"]
[EventRounds "7"]
[EventCountry "DEN"]
[SourceTitle "CB01_2025"]
[SourceDate "2025.01.01"]
[SourceVersion "1"]
[SourceVersionDate "2025.01.01"]
[SourceQuality "1"]

1. e4 c5 2. Nf3 d6 3. d4 cxd4 4. Nxd4 Nf6 5. Nc3 a6 6. Be3 e5 7. Nf3 h6 8. Bc4 Be6 9. Bxe6 fxe6 10. Nh4 Kf7 11. f4 exf4 12. e5 fxe3 13. exf6 g6 14. Nxg6 Kxg6 15. Qg4+ 1-0

[Event "Copenhagen Obro CXU New Year op"]
[Site "Copenhagen"]
[Date "2024.12.28"]
[Round "3"]
[White "Ramsdal, Mikkel"]
[Black "Slavensky, Asbjorn Vesterkar"]
[Result "0-1"]
[WhiteElo "1920"]
[BlackElo "2082"]
[PlyCount "55"]
[EventDate "2024.12.27"]
[EventType "swiss"]
[EventRounds "7"]
[EventCountry "DEN"]
[SourceTitle "CB01_2025"]
[SourceDate "2025.01.01"]
[SourceVersion "1"]
[SourceVersionDate "2025.01.01"]
[SourceQuality "1"]

1. d4 Nf6 2. c4 e6 3. Nf3 d5 4. g3 dxc4 5. Bg2 c5 6. 0-0 Nc6 7. dxc5 Qxd1 8. Rxd1 Bxc5 9. Nbd2 c3 10. bxc3 e5 11. Ng5 Bf5 12. Nde4 Be7 13. Nxf6+ Bxf6 14. Ne4 Be7 15. Nd6+ Bxd6 16. Rxd6 0-0 17. Ba3 Rfd8 18. Rad1 Be6 19. Rxd8+ Rxd8 20. Rxd8+ Nxd8 21. Bc5 Nc6 22. a3 a5 23. Kf1 a4 24. Ke1 Na5 25. Bb4 Nc6 26. Bc5 Na5 27. Bb4 Nc6 28. Bc5 0-1

[Event "Copenhagen Obro CXU New Year op"]
[Site "Copenhagen"]
[Date "2024.12.28"]
[Round "4"]
[White "Slavensky, Asbjorn Vesterkar"]
[Black "Saravana, Vedant Kumar"]
[Result "0-1"]
[WhiteElo "2082"]
[BlackElo "2021"]
[PlyCount "96"]
[EventDate "2024.12.27"]
[EventType "swiss"]
[EventRounds "7"]
[EventCountry "DEN"]
[SourceTitle "CB01_2025"]
[SourceDate "2025.01.01"]
[SourceVersion "1"]
[SourceVersionDate "2025.01.01"]
[SourceQuality "1"]

1. d4 d5 2. c4 c6 3. Nf3 Nf6 4. Nc3 e6 5. Bg5 Nbd7 6. e3 Qa5 7. cxd5 Nxd5 8. Qd2 Bb4 9. Rc1 Nxc3 10. bxc3 Ba3 11. Rb1 b6 12. Bd3 Ba6 13. c4 Qxd2+ 14. Nxd2 Be7 15. Bf4 0-0 16. 0-0 Rac8 17. Rb3 Rfd8 18. Nf3 f6 19. Bg3 e5 20. Rc1 Bd6 21. Bf5 Rc7 22. h3 Re8 23. c5 bxc5 24. dxc5 Nxc5 25. Rbc3 g6 26. Bb1 Rb8 27. a3 Kf8 28. Nd4 Ke7 29. Ba2 exd4 30. Rxc5 Bxg3 31. fxg3 dxe3 32. Bc4 Bxc4 33. R5xc4 Rb3 34. a4 f5 35. Kf1 Kd6 36. Ke2 Kd5 37. Rc5+ Kd6 38. R5c4 c5 39. Kf3 Kd5 40. R4c3 Rxc3 41. Rxc3 Kd4 42. Rxe3 c4 43. Ke2 Rc5 44. Re7 Re5+ 45. Rxe5 Kxe5 46. Kd2 Kd4 47. Kc2 c3 48. g4 f4 0-1